[Event "Tourn. n8675"]
[Site "www.chess-mail.com"]
[Date "2016.04.29"]
[Round "1"]
[White "Jjmcbride"]
[Black "Cal"]
[WhiteElo "1690"]
[BlackElo "1680"]
[Result "0-1"]
[Round "1"]
1.e3 a6
2.d4 d5
3.c4 dxc4
4.Bf1xc4 e6
5.e4 h6
6.e5 Bf8b4
7.Bc1d2 Nb8c6
8.a3 Bb4xd2
9.Qd1xd2 Ng8e7
10.Ng1e2 O-O
11.O-O Ne7f5
12.Nb1c3 Bc8d7
13.d5 exd5
14.Nc3xd5 Nc6xe5
15.Ra1c1 c6
16.Nd5f4 b5
17.Bc4b3 Qd8e7
18.Ne2d4 Qe7g5
19.Rc1c5 Nf5h4
20.Bb3d1 Ra8d8
21.f3 Bd7h3
22.Rf1f2 Bh3xg2
23.Qd2e3 Bg2xf3
24.Kf1 Bf3xd1
25.Rc5xe5 Qg5f6
 { time }
0-1

[Event "Match"]
[Site "www.echecsemail.com"]
[Date "2016.04.29"]
[Round "1"]
[White "Yakke"]
[Black "Ikke"]
[WhiteElo "1730"]
[BlackElo "1069"]
[Result "1-0"]
[Round "1"]
1.e4 g6
2.d4 c6
3.Ng1f3 b5
4.b3 Bf8g7
5.Nb1c3 b4
6.Nc3a4 Bg7f6
7.e5 Bf6g7
8.Bc1d2 e6
9.Bd2xb4 Ng8h6
10.Nf3g5 f6
11.exf6 Bg7xf6
12.Ng5e4 Bf6h4
{ time. }
1-0

[Event "Match"]
[Site "www.echecsemail.com"]
[Date "2016.04.29"]
[Round "1"]
[White "Chessexpert"]
[Black "Ipolit"]
[WhiteElo "1450"]
[BlackElo "1499"]
[Result "0-1"]
[Round "1"]
1.c4 e6
2.d4 d5
3.cxd5 exd5
4.Nb1c3 Ng8f6
5.Bc1g5 c6
6.e3 Bc8f5
7.Bf1d3 Bf5xd3
8.Qd1xd3 Bf8e7
9.Ng1e2 Nb8d7
10.Ne2g3 O-O
11.O-O Rf8e8
12.Ng3f5 Be7f8
13.Rf1e1 Qd8c7
14.Bg5f4 Qc7b6
15.Ra1b1 Re8e6
16.b4 a6
17.a3 Nf6h5
18.Bf4g3 Nh5xg3
19.hxg3 Nd7f6
20.Nf5h4 Qb6d8
21.a4 Nf6g4
22.Nh4f3 Qd8f6
23.e4 dxe4
24.Nc3xe4 Qf6g6
25.Ne4c5 Qg6xd3
26.Nc5xd3 Re6xe1
27.Rb1xe1 Ra8d8
28.Nd3e5 Bf8xb4
29.Re1b1 Ng4xe5
30.dxe5 a5
31.Rb1c1 Kf8
32.Kf1 Rd8d3
33.Ke2 Rd3a3
{ resign }
0-1

[Event "Match"]
[Site "www.echecsemail.com"]
[Date "2016.04.29"]
[Round "1"]
[White "Libiesse"]
[Black "Genius2"]
[WhiteElo "2070"]
[BlackElo "1740"]
[Result "1/2-1/2"]
[Round "1"]
1.d4 Ng8f6
2.c4 d6
3.Nb1c3 Nb8d7
4.e4 e5
5.d5 Bf8e7
6.Bf1d3 O-O
7.f4 exf4
8.Bc1xf4 Nd7c5
9.b4 Nc5xd3
10.Qd1xd3 a5
11.Ra1b1 axb4
12.Rb1xb4 b6
13.h3 Ra8a3
14.Ng1e2 Bc8b7
15.Ne2d4 Nf6xe4
16.Rb4b3 Ra3xb3
17.axb3 Ne4xc3
18.Qd3xc3 Be7f6
19.Kf2 Rf8e8
20.Qc3d3 Bf6xd4
21.Qd3xd4 Qd8e7
22.Qd4e3 Qe7xe3
23.Bf4xe3 Re8a8
24.Rh1e1 f6
25.Re1b1 Kf7
26.g4 Ra8a2
27.Kg3 Bb7c8
28.Be3d4 { draw }
1/2-1/2

[Event "Match"]
[Site "www.echecsemail.com"]
[Date "2016.04.29"]
[Round "1"]
[White "Amo"]
[Black "Umutkrc"]
[WhiteElo "1809"]
[BlackElo "1790"]
[Result "1-0"]
[Round "1"]
1.e4 Ng8f6
2.e5 Nf6d5
3.d4 e6
4.c4 Bf8b4
5.Bc1d2 Bb4xd2
6.Qd1xd2 Nd5e7
7.Bf1d3 Ne7f5
8.Ng1f3 d5
9.cxd5 Qd8xd5
10.Nb1c3 Qd5a5
11.Bd3xf5 exf5
12.O-O Bc8e6
13.Qd2g5 O-O
14.Nf3h4 Qa5b6
15.d5 f6
16.exf6 g6
17.dxe6 Qb6xe6
18.Nh4xg6 Qe6xf6
19.Qg5xf6 Rf8xf6
20.Ng6e7 Kf8
21.Ne7d5 Rf6c6
22.b4 Nb8d7
23.Nc3b5 Rc6c2
24.Nb5xc7 Ra8c8
25.Nc7e6 Kf7
26.Ne6g5 Kg7
27.Nd5e3 Rc2b2
28.Ne3xf5 Kg6
29.Nf5e7 Kxg5
30.Ne7xc8 Nd7e5
31.f4 Kg4
32.fxe5 { resign }
1-0

[Event "Match"]
[Site "www.echecsemail.com"]
[Date "2016.04.29"]
[Round "1"]
[White "Jackbauer"]
[Black "Paco"]
[WhiteElo "1900"]
[BlackElo "1970"]
[Result "0-1"]
[Round "1"]
1.e4 e5
2.f4 exf4
3.Ng1f3 d5
4.e5 Bf8c5
5.d4 Bc5b6
6.Bc1xf4 Nb8c6
7.Bf1b5 Bc8d7
8.Bb5xc6 Bd7xc6
9.O-O Qd8d7
10.e6 fxe6
11.Nf3e5 Qd7e7
12.c3 Bc6b5
13.Rf1f3 O-O-O
14.a4 Bb5a6
15.b4 Ba6c4
16.Nb1a3 Ng8f6
17.a5 Bb6xa5
18.bxa5 a6
19.Na3xc4 dxc4
20.Ra1a4 Rh8f8
21.Ra4xc4 Nf6d5
22.Qd1d2 Qe7a3
23.Rc4c5 Rf8f5
24.c4 Qa3a1
25.Rf3f1 Qa1c3
26.h3 Nd5xf4
27.Rf1f2 Qc3a1
28.Kh2 Qa1xd4
29.Qd2xd4 Rd8xd4
30.g3 Nf4d3
31.Rf2xf5 exf5
32.Ne5xd3 Rd4xd3
33.Rc5xf5 Rd3c3
34.Rf5f7 Rc3xc4
35.Rf7xg7 Rc4a4
36.Rg7xh7 Ra4xa5
37.h4 b5
38.h5 b4
39.g4 b3
40.Rh7e7 Ra5a2
41.Kh3 b2
42.Re7e1 Ra2a1
43.Re1xa1 bxa1Q
44.g5 c5
45.h6 Qa1e5
46.Kh4 c4
47.h7 Qe5h2
{ resign }
0-1

[Event "1/64 Finale"]
[Site "www.chess-mail.com"]
[Date "2016.04.29"]
[Round "1"]
[White "Attatroll"]
[Black "Osopanda"]
[WhiteElo "1940"]
[BlackElo "1930"]
[Result "0-1"]
[Round "1"]
1.d4 d5
2.c4 c6
3.Ng1f3 Ng8f6
4.Nb1c3 g6
5.e3 Bf8g7
6.Bf1d3 O-O
7.O-O Bc8g4
8.h3 Bg4xf3
9.Qd1xf3 Nb8d7
10.b3 e5
11.cxd5 cxd5
12.Nc3xd5 Nf6xd5
13.Qf3xd5 exd4
14.exd4 Qd8c7
15.Bc1a3 Rf8d8
16.Ra1c1 Qc7f4
17.Bd3c4 Nd7b6
18.Qd5xb7 Nb6xc4
19.Rc1xc4 a5
20.Ba3c5 Ra8b8
21.Qb7e7 Bg7f6
22.Qe7e3 Qf4xe3
23.fxe3 Bf6g7
24.Kh2 f5
25.Kg3 Bg7h6
26.Bc5e7 Rd8e8
27.Be7a3 Re8xe3
28.Kf2 Rb8e8
29.d5 Re3e2
30.Kg3 Re8e3
31.Kh4 Re2xg2
32.Rc4c8 Kf7
33.Rc8c7 Ke8
34.Rf1h1 Bh6g5

0-1

[Event "1/128 Finale"]
[Site "www.chess-mail.com"]
[Date "2016.04.29"]
[Round "1"]
[White "Llord"]
[Black "Grimsby"]
[WhiteElo "1780"]
[BlackElo "1450"]
[Result "0-1"]
[Round "1"]
1.e4 e5
2.Ng1f3 Ng8f6
3.Nb1c3 Nb8c6
4.Bf1b5 Bf8b4
5.a3 Bb4xc3
6.dxc3 Qd8e7
7.O-O d6
8.Bc1g5 Bc8d7
9.h3 a6
10.Bb5c4 O-O
11.Nf3h4 Bd7e6
12.Bc4xe6 fxe6
13.b4 Qe7f7
14.Qd1e2 h6
15.Bg5e3 Nf6h5
16.Qe2g4 Nh5f4
17.g3 h5
18.Qg4d1 Nf4g6
19.Nh4xg6 Qf7xg6
20.c4 Qg6xe4
21.Qd1xh5 Rf8f5
22.Qh5e2 Ra8f8
23.b5 axb5
24.cxb5 Nc6d4
25.Qe2d2 Nd4f3
{ resign }
0-1

[Event "Fast Game"]
[Site "www.echecsemail.com"]
[Date "2016.04.29"]
[Round "1"]
[White "Elogic"]
[Black "Claudia"]
[WhiteElo "1710"]
[BlackElo "1599"]
[Result "0-1"]
[Round "1"]
1.c4 Ng8f6
2.e3 e6
3.a3 d5
4.cxd5 exd5
5.Nb1c3 Bf8d6
6.Ng1f3 O-O
7.Qd1b3 c6
8.d4 Nb8d7
9.g3 Qd8b6
10.Qb3xb6 Nd7xb6
11.b4 Bc8g4
12.Bf1g2 Nb6c4
13.O-O Rf8e8
14.h3 Bg4h5
15.g4 Bh5g6
16.Rf1e1 h6
17.Nf3h4 Bg6h7
18.f4 Re8e6
19.f5 Bd6g3
20.Re1e2 Re6e8
21.Nh4f3 g6
 { time }
0-1

[Event "Tourn. n8725"]
[Site "www.chess-mail.com"]
[Date "2016.04.30"]
[Round "1"]
[White "Azulmarino"]
[Black "Cal"]
[WhiteElo "1490"]
[BlackElo "1650"]
[Result "1-0"]
[Round "1"]
1.e4 e5
2.Ng1f3 d6
3.Nb1c3 a6
4.Bf1c4 h6
5.d3 Ng8f6
6.Bc1e3 Nb8c6
7.Nc3d5 Bc8g4
8.h3 Bg4xf3
9.Qd1xf3 b5
10.Bc4b3 a5
11.Nd5xf6 Qd8xf6
12.Qf3h5 Nc6d8
13.Bb3d5 Bf8e7
14.O-O c6
15.Bd5b3 O-O
16.c3 Nd8b7
17.Qh5f5 a4
18.Bb3c2 c5
19.Bc2d1 Ra8d8
20.f4 exf4
21.Be3xf4 b4
22.d4 cxd4
23.cxd4 Qf6xd4
24.Kh1 Nb7c5
25.Bd1c2 Qd4xb2
26.e5 d5
27.Qf5h7 { resign }
1-0

[Event "Tourn. n8711"]
[Site "www.chess-mail.com"]
[Date "2016.04.30"]
[Round "1"]
[White "Faerieking"]
[Black "Raven16"]
[WhiteElo "2230"]
[BlackElo "2150"]
[Result "0-1"]
[Round "1"]
1.e4 c5
2.Ng1f3 d6
3.d4 cxd4
4.Nf3xd4 Ng8f6
5.Nb1c3 a6
6.Bc1g5 e6
7.f4 Qd8b6
8.Qd1d2 Qb6xb2
9.Ra1b1 Qb2a3
10.f5 b5
11.fxe6 Bc8xe6
12.Bg5xf6 gxf6
13.Nd4xe6 fxe6
14.Bf1e2 Bf8h6
15.Be2h5 Kd7
16.Qd2xh6 Qa3xc3
17.Kd1 Nb8c6
18.Qh6d2 Qc3xd2
19.Kxd2 Rh8g8
20.g3 Rg8g5
21.Bh5f3 Nc6e5
22.Bf3e2 Ra8c8
23.Rb1b4 Ne5c6
24.Rb4b1 Rg5c5
{ resign }
0-1

[Event "Tourn. n8657"]
[Site "www.chess-mail.com"]
[Date "2016.04.30"]
[Round "1"]
[White "Ditto"]
[Black "Gatrooper"]
[WhiteElo "1620"]
[BlackElo "1670"]
[Result "1-0"]
[Round "1"]
1.e4 e5
2.Ng1f3 Nb8c6
3.Bf1c4 d6
4.Nb1c3 Bc8e6
5.Bc4b5 a6
6.Bb5e2 Ng8f6
7.O-O h6
8.d4 Nc6xd4
9.Nf3xd4 exd4
10.Qd1xd4 c5
11.Qd4d1 c4
12.Bc1e3 Bf8e7
13.Be2f3 Qd8c7
14.Be3f4 g5
15.Bf4e3 O-O
16.Be3d4 g4
17.Bf3e2 Nf6h5
18.Be2xg4 Be6xg4
19.Qd1xg4 Be7g5
20.Qg4xh5 f6
21.Qh5g6 Qc7g7
22.Qg6f5 Ra8d8
23.Qf5d5 Kh8
24.Qd5xc4 Rd8c8
25.Qc4d3 Kg8
26.Nc3d5 b5
27.Bd4c3 h5
28.Qd3g3 Rc8c4
29.Qg3xd6 Rc4xe4
30.Ra1d1 h4
31.Rd1d3 h3
32.Rd3xh3 Bg5f4
33.Nd5xf4 Rf8e8
34.Bc3xf6 Re4e1
35.Qd6d5 Qg7f7
36.Rh3h8 { resign }
1-0

[Event "Tourn. n8721"]
[Site "www.chess-mail.com"]
[Date "2016.04.30"]
[Round "1"]
[White "Cal"]
[Black "Daquata"]
[WhiteElo "1660"]
[BlackElo "1620"]
[Result "0-1"]
[Round "1"]
1.c4 Ng8f6
2.Nb1c3 g6
3.e4 e5
4.a3 Bf8g7
5.Ng1f3 Nb8c6
6.h3 d6
7.d3 O-O
8.Bf1e2 Bc8e6
9.O-O a6
10.Bc1g5 h6
11.Bg5h4 Rf8e8
12.b4 Qd8d7
13.Bh4xf6 Bg7xf6
14.Nf3h2 Nc6d4
15.Nc3d5 Be6xd5
16.cxd5 a5
17.Be2g4 Qd7b5
18.f4 axb4
19.a4 Qb5c5
20.fxe5 Bf6xe5
21.Kh1 h5
22.Bg4d7 Re8d8
23.Bd7b5 Nd4xb5
24.Nh2f3 Be5xa1
25.Qd1xa1 Nb5c3
26.d4 Qc5c4
27.Rf1c1 Qc4d3
28.e5 Nc3xd5
29.exd6 Rd8xd6
30.Rc1d1 Qd3c3
31.Qa1a2 Qc3a3
32.Qa2c4 Qa3xa4
33.Qc4xc7 Qa4xd1
34.Kh2 Nd5xc7
35.h4 Ra8a2
36.Nf3g5 Qd1d2
37.Ng5e4 Qd2xg2
{ resign }
0-1

[Event "Tourn. n8668"]
[Site "www.chess-mail.com"]
[Date "2016.04.30"]
[Round "1"]
[White "Libiesse"]
[Black "Piekki"]
[WhiteElo "2070"]
[BlackElo "2020"]
[Result "0-1"]
[Round "1"]
1.d4 Ng8f6
2.c4 e6
3.Ng1f3 c5
4.e3 cxd4
5.exd4 b6
6.Bc1g5 Bf8e7
7.Nb1c3 Bc8b7
8.Bf1e2 d6
9.O-O Nb8d7
10.Qd1d2 a6
11.Rf1e1 Qd8c7
12.Qd2d3 Ra8c8
13.b3 O-O
14.Bg5f4 Rf8d8
15.h3 e5
16.Bf4h2 e4
17.Nc3xe4 Bb7xe4
18.Qd3d2 Qc7b7
19.Be2d1 Rd8e8
20.d5 Nd7c5
21.Nf3d4 Nf6xd5
22.cxd5 Qb7xd5
23.Bd1f3 Be7f6
24.Ra1d1 Be4xf3
25.Nd4xf3 Qd5xd2
26.Re1xe8 Rc8xe8
27.Rd1xd2 Nc5e4
28.Rd2e2 d5
29.Bh2c7 b5
30.Nf3h2 Re8c8
31.Bc7a5 Rc8c1
32.Nh2f1 g6
33.g4 Ne4g5
34.Kg2 Ng5xh3
35.Kxh3 Rc1xf1
36.Kg2 Rf1c1
37.Ba5d8 Bf6c3
38.Bd8g5 Rc1e1
39.Re2c2 d4
40.Kf3 b4
41.Rc2e2 Re1xe2
42.Kxe2 Kg7
43.Kd3 f6
44.Bg5f4 h5
45.gxh5 gxh5
46.f3 Kf7
{ resign }
0-1

[Event "Tourn. n8711"]
[Site "www.chess-mail.com"]
[Date "2016.04.30"]
[Round "1"]
[White "Piekki"]
[Black "Raven16"]
[WhiteElo "2120"]
[BlackElo "2150"]
[Result "1-0"]
[Round "1"]
1.e4 e5
2.Ng1f3 Nb8c6
3.Bf1c4 Ng8f6
4.d3 Bf8c5
5.O-O h6
6.c3 d6
7.h3 O-O
8.Rf1e1 Rf8e8
9.Nb1d2 a6
10.Bc4b3 d5
11.exd5 Nf6xd5
12.d4 Bc5a7
13.Nf3xe5 Nc6xe5
14.dxe5 Bc8e6
15.Nd2f3 c6
16.Qd1d3 Nd5e7
17.Qd3xd8 Ra8xd8
18.Bb3xe6 fxe6
19.Nf3d4 Ba7xd4
20.cxd4 Rd8xd4
21.Bc1e3 Rd4d3
22.Be3c5 Ne7d5
23.Re1e2 Nd5f4
24.Re2c2 Re8d8
25.Bc5d6 Nf4e2
26.Rc2xe2 { resign }
1-0

[Event "Tourn. n8701"]
[Site "www.chess-mail.com"]
[Date "2016.04.30"]
[Round "1"]
[White "Tonino1"]
[Black "Yangqi"]
[WhiteElo "2210"]
[BlackElo "2640"]
[Result "0-1"]
[Round "1"]
1.d4 Ng8f6
2.Ng1f3 g6
3.e3 Bf8g7
4.Bf1d3 O-O
5.b3 d6
6.Bc1b2 Nb8c6
7.a3 e5
8.dxe5 dxe5
9.Nf3xe5 Nc6xe5
10.Bb2xe5 Qd8d5
11.Be5g3 Qd5xg2
12.Rh1f1 Nf6e4
13.Bd3xe4 Qg2xe4
14.Ra1a2 Bc8g4
15.Qd1d3 Rf8e8
16.Qd3xe4 Re8xe4
17.c4 c5
18.Ra2d2 Re4e6
19.Bg3f4 Re6b6
20.Rd2d3 Bg4f5
21.Rd3d1 Rb6xb3
22.Ke2 Bf5c2
 { time }
0-1

[Event "Tourn. n8654"]
[Site "www.chess-mail.com"]
[Date "2016.04.30"]
[Round "1"]
[White "Cal"]
[Black "Watford"]
[WhiteElo "1780"]
[BlackElo "1690"]
[Result "1-0"]
[Round "1"]
1.d4 Ng8f6
2.Nb1c3 d5
3.h3 e6
4.a3 c5
5.e3 a6
6.dxc5 Bf8xc5
7.Bc1d2 Nb8c6
8.Ng1f3 O-O
9.Bf1d3 e5
10.O-O e4
11.Bd3xe4 dxe4
12.Nf3h4 Qd8e7
13.Nc3e2 g5
14.Nh4f5 Bc8xf5
15.c3 Rf8d8
16.b4 Bc5b6
17.Qd1c2 Ra8c8
18.Bd2e1 Nc6e5
19.Ne2g3 Bf5g6
20.Be1d2 Ne5c4
21.Bd2c1 Rd8d3
22.Bc1b2 Qe7d6
23.Ra1b1 Nc4xb2
24.Rb1xb2 Rc8xc3
25.Qc2e2 Rc3xa3
26.b5 axb5
27.Rb2xb5 Rd3d2
28.Qe2e1 Ra3a2
29.Rb5xg5 h6
30.Ng3f5 Qd6e6
31.Nf5xh6 Kh7
32.Nh6g4 Nf6xg4
33.Rg5xg4 Rd2e2
34.Qe1c3 Ra2c2
35.Rg4h4 Bg6h5
36.Rh4xh5 Kg6
37.Qc3h8 { resign }
1-0

[Event "Tourn. n8743"]
[Site "www.chess-mail.com"]
[Date "2016.04.30"]
[Round "1"]
[White "Daquata"]
[Black "Redabond"]
[WhiteElo "1710"]
[BlackElo "1560"]
[Result "1-0"]
[Round "1"]
1.e4 e5
2.Ng1f3 Nb8c6
3.Bf1c4 Bf8c5
4.O-O Ng8f6
5.Nb1c3 O-O
6.d3 Bc5b4
7.Bc1d2 Nc6d4
8.Nf3xe5 d6
9.Ne5f3 Bc8g4
10.Rf1e1 Bg4xf3
11.gxf3 Bb4xc3
12.Bd2xc3 Nd4c6
13.Kh1 d5
14.exd5 Nf6xd5
15.Bc4xd5 Qd8xd5
16.Re1g1 Rf8e8
17.Rg1xg7 Kf8
18.Rg7xh7 Qd5xf3
19.Qd1xf3 Re8e7
20.Rh7h8 { resign }
1-0

[Event "Tourn. n8750"]
[Site "www.chess-mail.com"]
[Date "2016.04.30"]
[Round "1"]
[White "Romaamor69"]
[Black "Bojan"]
[WhiteElo "1859"]
[BlackElo "1880"]
[Result "1-0"]
[Round "1"]
1.d4 g6
2.g3 Bf8g7
3.Bf1g2 c6
4.c4 d5
5.Ng1f3 dxc4
6.Nb1d2 b5
7.O-O a5
8.Nf3e5 Bc8b7
9.Nd2e4 Nb8d7
10.Ne5xd7 Qd8xd7
11.Ne4c5 Qd7c7
12.Bc1f4 Qc7c8
13.Nc5xb7 Qc8xb7
14.d5 Bg7xb2
15.dxc6 Qb7b6
16.Qd1d7 Kf8
17.c7 Ng8f6
18.Bf4h6 Kg8
19.c8Q { resign }
1-0

[Event "Tourn. n8711"]
[Site "www.chess-mail.com"]
[Date "2016.04.30"]
[Round "1"]
[White "Raven16"]
[Black "Odin"]
[WhiteElo "2150"]
[BlackElo "2010"]
[Result "1-0"]
[Round "1"]
1.d4 Ng8f6
2.c4 e6
3.Ng1f3 d5
4.Nb1c3 Bf8b4
5.a3 Bb4xc3
6.bxc3 c6
7.Bc1g5 Nb8d7
8.e3 O-O
9.Bf1d3 Qd8c7
10.O-O h6
11.Bg5f4 Qc7d8
12.Rf1e1 Rf8e8
13.e4 Nf6g4
14.e5 f6
15.h3 dxc4
16.Bd3xc4 b5
17.Bc4b3 Nd7b6
18.hxg4 Bc8b7
19.Qd1d3 a5
20.Qd3g6 Nb6d5
21.Bb3xd5 Qd8xd5
22.exf6 Qd5d7
23.Bf4xh6 Re8f8
24.Bh6xg7 Rf8f7
25.Nf3g5 Rf7xg7
26.Qg6xg7 Qd7xg7
27.fxg7 Kxg7
28.Ng5xe6 Kh6
29.Ne6c5 Bb7c8
30.Re1e8 Kg5
31.Re8g8 Kf4
32.Ra1e1 { resign }
1-0

[Event "Tourn. n8708"]
[Site "www.chess-mail.com"]
[Date "2016.04.30"]
[Round "1"]
[White "Yangqi"]
[Black "Seger"]
[WhiteElo "2640"]
[BlackElo "2730"]
[Result "1/2-1/2"]
[Round "1"]
1.e4 e6
2.d4 d5
3.Nb1c3 Ng8f6
4.e5 Nf6d7
5.f4 c5
6.Ng1f3 Nb8c6
7.Bc1e3 a6
8.Qd1d2 b5
9.dxc5 Bf8xc5
10.Bf1d3 Qd8b6
11.Be3f2 Bc8b7
12.a3 O-O
13.O-O h6
14.Ra1e1 Bc5xf2
15.Rf1xf2 Ra8e8
16.b4 f6
17.exf6 Nd7xf6
18.Kh1 Qb6c7
19.Rf2f1 Re8e7
20.a4 d4
21.Nc3e2 Nf6d5
22.axb5 axb5
{ draw }
1/2-1/2

[Event "Match"]
[Site "www.echecsemail.com"]
[Date "2016.04.30"]
[Round "1"]
[White "Billyg"]
[Black "Mrynmryn"]
[WhiteElo "1550"]
[BlackElo "1599"]
[Result "0-1"]
[Round "1"]
1.e4 e5
2.d4 exd4
3.Qd1xd4 Nb8c6
4.Qd4e3 b6
5.a3 Qd8f6
6.Bc1d2 Qf6xb2
7.Bd2c3 Qb2xc2
8.Bf1d3 Qc2b3
9.Bc3d4 Nc6xd4
10.Ng1e2 Nd4xe2
11.Qe3xe2 g6
12.Nb1d2 Qb3e6
13.O-O Bc8b7
14.Ra1c1 O-O-O
15.Bd3c4 Qe6f6
16.Bc4a6 Bf8xa3
17.Ba6xb7 Kxb7
18.Rc1a1 Qf6c3
19.Nd2c4 Ba3c5
20.e5 Rd8e8
21.Qe2a2 a5
22.Ra1b1 Ng8e7
23.Nc4xa5 Kc8
24.Na5c4 Ne7c6
25.Qa2a8 Nc6b8
26.Rf1c1 Qc3d4
27.Nc4e3 Re8xe5
28.Rc1c4 Qd4d2
29.Ne3g4 Re5e1
30.Rb1xe1 Qd2xe1
{ resign }
0-1

[Event "Match"]
[Site "www.echecsemail.com"]
[Date "2016.04.30"]
[Round "1"]
[White "Pimpampum"]
[Black "Libiesse"]
[WhiteElo "1499"]
[BlackElo "1960"]
[Result "1-0"]
[Round "1"]
1.e4 c5
2.c3 e6
3.d4 d5
4.exd5 cxd4
5.cxd4 Qd8xd5
6.Nb1c3 Qd5d8
7.d5 Ng8f6
8.dxe6 Bc8xe6
9.Qd1xd8 Kxd8
10.Bc1f4 Nb8c6
11.O-O-O Nf6d7
12.Ng1f3 Ra8c8
13.Bf1d3 Nc6b4
14.a3 Nb4a2
15.Kc2 Bf8xa3
16.Bf4e5 Na2xc3
17.Be5xc3 Ba3f8
18.Nf3g5 Ke7
19.Rh1e1 h6
20.Ng5xe6 fxe6
21.Bd3f5 Rc8c6
22.Kb1 Kf7
23.Rd1xd7 { resign }
1-0

[Event "Match"]
[Site "www.echecsemail.com"]
[Date "2016.04.30"]
[Round "1"]
[White "Fangshuo"]
[Black "Amo"]
[WhiteElo "2060"]
[BlackElo "1549"]
[Result "1-0"]
[Round "1"]
1.e4 e6
2.Ng1f3 c5
3.Nb1c3 d6
4.d4 Nb8c6
5.dxc5 dxc5
6.Qd1xd8 Nc6xd8
7.Nc3b5 Kd7
8.Bc1f4 a6
9.O-O-O Kc6
10.Nf3e5 Kb6
11.Rd1xd8 Ng8h6
12.Nb5d6 Bf8xd6
13.Rd8xh8 Bd6xe5
14.Bf4xe5 Nh6g4
15.Be5g3 h6
16.e5 g6
17.h3 { resign }
1-0

[Event "Match"]
[Site "www.echecsemail.com"]
[Date "2016.04.30"]
[Round "1"]
[White "Ranjachess"]
[Black "Rindrandria"]
[WhiteElo "1680"]
[BlackElo "1640"]
[Result "1-0"]
[Round "1"]
1.d4 d5
2.Nb1c3 Bc8f5
3.e3 h6
4.Bf1d3 Qd8d7
5.e4 dxe4
6.Bd3xe4 Qd7e6
7.Qd1d3 Nb8a6
8.Qd3b5 c6
9.Qb5xb7 Bf5xe4
10.Qb7xa8 Kd7
11.Qa8xa7 Na6c7
12.Ng1e2 Be4xg2
13.Bc1f4 f6
14.Qa7xc7 Ke8
15.Rh1g1 Bg2f3
16.O-O-O Qe6c4
17.Rd1e1 Bf3xe2
18.Re1xe2 e5
19.Bf4xe5 fxe5
20.Re2xe5 Bf8e7
21.Rg1xg7 Qc4f7
22.Qc7c8 
1-0

[Event "Match"]
[Site "www.echecsemail.com"]
[Date "2016.04.30"]
[Round "1"]
[White "Whitekknight"]
[Black "Genius9"]
[WhiteElo "1930"]
[BlackElo "1770"]
[Result "0-1"]
[Round "1"]
1.e4 e5
2.Ng1f3 Ng8f6
3.Nb1c3 Nb8c6
4.d3 Bf8b4
5.Bc1d2 Bb4xc3
6.Bd2xc3 d6
7.h3 O-O
8.Bf1e2 Rf8e8
9.Qd1d2 d5
10.exd5 Nf6xd5
11.O-O-O Nd5xc3
12.Qd2xc3 Bc8e6
13.Kb1 f6
14.Rh1e1 a5
15.a3 Qd8d5
16.Rd1d2 Qd5a2
{ resign }
0-1

[Event "Match"]
[Site "www.echecsemail.com"]
[Date "2016.04.30"]
[Round "1"]
[White "Darknight"]
[Black "Pinehill"]
[WhiteElo "1690"]
[BlackElo "2100"]
[Result "0-1"]
[Round "1"]
1.e4 d5
2.e5 c5
3.c4 e6
4.Ng1f3 d4
5.d3 Nb8c6
6.a3 Qd8c7
7.Bc1f4 Ng8e7
8.Nb1d2 Ne7g6
9.Bf4g3 Bf8e7
10.Qd1e2 O-O
11.h4 h5
12.O-O-O Bc8d7
13.Bg3h2 Ng6xh4
14.Bh2g3 Nh4xf3
15.Qe2xf3 g6
16.Nd2e4 Nc6a5
17.Ne4d2 b5
18.b3 Be7g5
19.Bg3f4 Bd7c6
20.Qf3g3 Bg5xf4
21.Qg3xf4 bxc4
22.dxc4 Ra8b8
23.Qf4g3 Kh7
24.Kb2 Rb8b7
25.Bf1e2 Rf8b8
26.Ka2 Na5xb3
27.Be2xh5 Nb3xd2
28.Rd1xd2 Kg7
29.f4 Qc7a5
30.Rd2f2 Rb7b3
31.Qg3xb3 Rb8xb3
32.Kxb3 gxh5
33.Rh1xh5 Qa5a4
34.Ka2 Qa4xc4
35.Kb2 Qc4c3
36.Ka2 Bc6d5
37.Kb1 Qc3e1
38.Kc2 Qe1xf2
39.Kb1 Bd5b3
40.g4 Qf2c2
{ resign }
0-1

[Event "Match"]
[Site "www.echecsemail.com"]
[Date "2016.04.30"]
[Round "1"]
[White "Calponas"]
[Black "Coventry"]
[WhiteElo "2090"]
[BlackElo "1860"]
[Result "0-1"]
[Round "1"]
1.e4 c6
2.d4 d5
3.Nb1d2 g6
4.e5 Bf8g7
5.c3 Ng8h6
6.Nd2f3 Bc8g4
7.Bf1e2 e6
8.Bc1f4 Nh6f5
9.h3 Bg4xf3
10.Ng1xf3 Nb8d7
11.Qd1d3 Nf5h4
12.Bf4g3 Nh4xf3
13.Be2xf3 O-O
14.O-O c5
15.Ra1c1 Qd8b6
16.b3 Ra8c8
17.Bf3e2 cxd4
18.cxd4 Bg7h6
19.Rc1c2 Rc8xc2
20.Qd3xc2 Qb6xd4
21.Rf1d1 Qd4c5
22.Qc2xc5 Nd7xc5
23.Rd1c1 Bh6xc1
24.f4 Nc5e4
25.Bg3h2 Ne4c3
{ resign }
0-1

[Event "Match"]
[Site "www.echecsemail.com"]
[Date "2016.04.30"]
[Round "1"]
[White "Umutkrc"]
[Black "Amo"]
[WhiteElo "1790"]
[BlackElo "1809"]
[Result "1-0"]
[Round "1"]
1.e3 e5
2.Nb1c3 c6
3.d4 d6
4.d5 f5
5.Ng1f3 h5
6.h4 Bf8e7
7.e4 f4
8.Nf3g1 Be7xh4
9.Qd1f3 Bc8g4
10.Qf3d3 Nb8a6
11.Ng1f3 Bg4xf3
12.gxf3 Na6c5
13.Qd3e2 cxd5
14.exd5 Bh4e7
15.b4 Nc5a6
16.Qe2e4 Ng8f6
17.Qe4g6 Kf8
18.Bf1h3 Rh8h6
19.Qg6d3 Na6xb4
20.Qd3d2 a6
21.a3 Qd8a5
22.Bc1b2 Nb4xd5
23.O-O-O Nd5xc3
24.Qd2xc3 Qa5xc3
25.Bb2xc3 b5
26.Bh3e6 g5
27.Kb2 Nf6e8
28.Be6d5 Ra8c8
29.Bd5b7 Rc8c7
30.Bb7xa6 Rc7c5
31.Kb3 Ne8c7
32.Ba6b7 h4
33.Bc3b4 h3
34.Bb4xc5 dxc5
35.c4 bxc4
36.Kxc4 Kg7
37.Rd1d7 Nc7e6
38.Rd7xe7 Kf6
39.Re7e8 Kf7
40.Re8a8 Ne6d4
41.a4 Kf6
42.a5 Nd4e6
43.Ra8c8 Kf5
44.a6 Rh6h7
45.a7 Rh7xb7
46.a8Q { resign }
1-0

[Event "Match"]
[Site "www.echecsemail.com"]
[Date "2016.04.30"]
[Round "1"]
[White "Pablincho"]
[Black "B0zata"]
[WhiteElo "1770"]
[BlackElo "1799"]
[Result "0-1"]
[Round "1"]
1.e4 c5
2.c4 Nb8c6
3.Ng1f3 d6
4.d4 Bc8g4
5.d5 Nc6e5
6.Bf1e2 Bg4xf3
7.Be2xf3 Ng8f6
8.Nb1c3 g6
9.b3 Bf8g7
10.h3 a6
11.O-O O-O
12.Rf1e1 Rf8e8
 { time }
0-1

[Event "Match"]
[Site "www.echecsemail.com"]
[Date "2016.04.30"]
[Round "1"]
[White "Mrynmryn"]
[Black "Pimpampum"]
[WhiteElo "1859"]
[BlackElo "1499"]
[Result "0-1"]
[Round "1"]
1.Ng1f3 Ng8f6
2.d4 c5
3.e3 b6
4.d5 d6
5.Bf1b5 Nb8d7
6.Bb5c6 Ra8b8
7.c4 g6
8.O-O Bf8g7
9.Nb1c3 O-O
10.Nc3b5 a6
11.Nb5a7 Bc8b7
12.Bc6xb7 Rb8xb7
13.Na7c6 Qd8e8
14.Ra1b1 Nd7b8
15.Nc6xb8 Rb7xb8
16.Rf1e1 b5
17.b3 bxc4
18.e4 cxb3
19.Rb1xb3 Rb8xb3
20.Qd1xb3 Qe8b8
21.Qb3c2 Qb8b5
22.Bc1d2 Rf8b8
23.Bd2c3 Qb5c4
24.Nf3d2 Qc4b5
25.e5 Nf6xd5
26.Bc3a1 Nd5b4
27.Qc2e4 Qb5d3
28.exd6 exd6
29.Qe4f4 Nb4c2
{ resign }
0-1

[Event "Match"]
[Site "www.echecsemail.com"]
[Date "2016.04.30"]
[Round "1"]
[White "Pellix84"]
[Black "Pimpampum"]
[WhiteElo "1990"]
[BlackElo "1499"]
[Result "0-1"]
[Round "1"]
1.d4 Ng8f6
2.c4 e6
3.g3 d5
4.Bf1g2 Bf8e7
5.Nb1c3 O-O
6.cxd5 exd5
7.Bc1f4 c6
8.Qd1c2 Bc8g4
9.e4 dxe4
10.Nc3xe4 Qd8xd4
11.Ng1e2 Be7b4
12.Ne4d2 Rf8e8
13.O-O Re8xe2
14.Ra1d1 Nb8a6
15.Bg2f3 Bg4xf3
16.Nd2xf3 Re2xc2
17.Nf3xd4 Rc2xb2
18.Nd4f3 Rb2xa2
19.Bf4d2 Bb4xd2
20.Nf3xd2 Na6c5
21.Nd2c4 Nf6d5
22.Nc4d6 Ra8d8
23.Nd6f5 g6
24.Nf5e7 Kf8
25.Rf1e1 Nc5e6
{ resign }
0-1

[Event "Match"]
[Site "www.echecsemail.com"]
[Date "2016.04.30"]
[Round "1"]
[White "Mars91"]
[Black "Mdesouza"]
[WhiteElo "1789"]
[BlackElo "2200"]
[Result "0-1"]
[Round "1"]
1.d4 Ng8f6
2.c4 g6
3.b3 d5
4.cxd5 Qd8xd5
5.Nb1c3 Qd5a5
6.Bc1d2 Qa5b6
7.e3 c6
8.Ng1f3 Bc8g4
9.h3 Bg4xf3
10.Qd1xf3 Bf8g7
11.Bf1e2 O-O
12.O-O Nb8d7
13.Ra1c1 e5
14.Nc3a4 Qb6d8
15.Bd2b4 e4
16.Qf3f4 Nf6d5
17.Qf4d6 Rf8e8
18.Bb4c5 b6
19.Bc5a3 Bg7f8
{ resign }
0-1

[Event "Match"]
[Site "www.echecsemail.com"]
[Date "2016.04.30"]
[Round "1"]
[White "Milkyway"]
[Black "Paul30"]
[WhiteElo "1809"]
[BlackElo "1850"]
[Result "0-1"]
[Round "1"]
1.e4 e6
2.d4 d5
3.Nb1c3 Bf8b4
4.e5 c5
5.Bc1d2 Ng8e7
6.Nc3b5 Bb4xd2
7.Qd1xd2 O-O
8.f4 c4
9.Nb5d6 b6
10.Ng1f3 Bc8d7
11.c3 Ne7c8
12.Nd6xc8 Qd8xc8
13.Bf1e2 Nb8c6
14.O-O b5
15.g4 Nc6e7
16.h3 a5
17.a3 Qc8c7
18.Rf1c1 Rf8b8
19.Kg2 h6
20.Rc1f1 Ne7g6
21.Be2d1 b4
22.axb4 axb4
23.Ra1xa8 Rb8xa8
24.cxb4 Ra8a2
25.Qd2c1 c3
26.Qc1c2 Ra2xb2
{ resign }
0-1